| 000 | 00673nab a2200241 a 4500 | ||
|---|---|---|---|
| 001 | 16474 | ||
| 003 | 35252 | ||
| 005 | 20201118095522.0 | ||
| 008 | ||||||n9999 ||| || || | ||
| 041 | _aspa | ||
| 100 | _aPerez del Castillo, Carlos | ||
| 245 | 0 | _aEl nuevo papel del SELA y las prioridades de la region | |
| 260 |
_aBogotá : _bSistema Económico Latinoamericano, _c1987. |
||
| 300 | _a44109 | ||
| 562 | _e0 | ||
| 650 | _aADMINISTRACION INTERNA | ||
| 650 | _aCOMERCIO EXTERIOR | ||
| 650 | _aEVALUACIÓN DE RESULTADOS | ||
| 650 | _aINTEGRACION INTERNACIONAL | ||
| 650 | _aPLANIFICACIÓN | ||
| 773 |
_016471 _aCapítulos SELA - No.18 |
||
| 942 | _cSART | ||
| 999 |
_c16474 _d16474 |
||